Clubs of Zlatan Ibrahimovic - Statistics

General Stats
  • This quiz has been taken 238 times
  • The average score is 10 of 11
Answer Stats
Years Club % Correct
2011-2012 AC Milan
99%
2009-2011 Barcelona
94%
International Sweden
94%
2006-2009 Internazionale
93%
2016-2018 Manchester United
91%
2001-2004 Ajax
89%
2018-2020 LA Galaxy
89%
2012-2016 Paris Saint Germain
86%
1999-2001 Malmo
82%
2020-present AC Milan
77%
2004-2006 Juventus
77%
No matching quizzes found
Score Distribution
Percent of People with Each Score
Percentile by Number Answered
Your Score History
You have not taken this quiz